000
00314nam a22001337a 4500
020
_a
9780135369616
040
_c
Nust
082
_a
629.832
_b
KAI
100
_a
Thomas Kailath
_9
125959
245
_a
Linear System
260
_a
USA:
_b
Prentice-Hall,
_c
1980.
650
_a
Linear System
_9
125960
942
_2
ddc
_c
BK
999
_c
611627
_d
611627